000 00575nam a2200193 i 4500
001 28712
003 ES-MaACL
005 20230906153920.0
007 t|
008 030120s1971 sp ||||1| spa d
100 1 _aBaranson, Jack.
_925323
245 1 3 _aLa industria automatriz en los paĆ­ses en desarrollo /
_cJack Baranson.
260 _aMadrid :
_bTecnos,
_c[1971]
300 _a115 p. ;
_c23 cm.
490 1 _aSerie de estudios Banco Mundial
830 0 _aSerie de estudios Banco Mundial
_9229278
852 _aES-MaACL
_jC-44503
_bR.78266
999 _c28712
_d28712